Labor, Capitalism, and Class Power /
What role can and should the working class play under 21st century global capitalism? The scholars contained in this work approach questions regarding the place of labor in a variety of forms under neoliberal capitalism. These chapters examine labor as political and social movements, both in and out...
Other Authors:
Format: eBook
Language: English
Published:
Leiden ; Boston :
BRILL,
2026.
Series:
Studies in Critical Social Sciences ;
356.
Social Sciences E-Books Online, Collection 2026.
Subjects:
Online Access: Login to view Source
Tags: Add Tag
Call Number: DT727
| LEADER | 03251nam a22004698i 4500 | ||
|---|---|---|---|
| 001 | BRILL9789004757240 | ||
| 003 | nllekb | ||
| 005 | 20260324115024.0 | ||
| 006 | m d | ||
| 007 | cr un uuuua | ||
| 008 | 251218s2026 gw sb 001 0 eng d | ||
| 020 | |a 9789004757240 |q (electronic book) | ||
| 020 | |z 9789004757233 |q (print) | ||
| 024 | 7 | |a 10.1163/9789004757240 |2 DOI | |
| 040 | |a NL-LeKB |c NL-LeKB |e rda | ||
| 041 | |a eng | ||
| 050 | 4 | |a DT727 | |
| 072 | 7 | |a SOC |x 026000 |2 bisacsh | |
| 072 | 7 | |a JHB |2 bicssc | |
| 082 | 0 | 4 | |a 968 |2 23 |
| 245 | 0 | 0 | |a Labor, Capitalism, and Class Power / |c edited by G. Nelson Bass III. |
| 264 | 1 | |a Leiden ; |a Boston : |b BRILL, |c 2026. | |
| 264 | 4 | |c ©2026 | |
| 300 | |a 1 online resource (214 pages) : |b illustrations. | ||
| 336 | |a text |b txt |2 rdacontent | ||
| 337 | |a computer |b c |2 rdamedia | ||
| 338 | |a online resource |2 rdacarrier | ||
| 490 | 1 | |a Studies in Critical Social Sciences ; |v 356 | |
| 490 | 1 | |a Social Sciences E-Books Online, Collection 2026 | |
| 504 | |a Includes bibliographical references and index. | ||
| 505 | 0 | |t Contents -- Acknowledgements -- Notes on Contributors -- 1 Introduction -- G. Nelson Bass III -- 2 How Neoliberal Authoritarian Populism Overwhelmed Social Democracy in Britain: the Defeat of the Labour Party in the 219 Election -- Jamie A. Gough -- 3 From Protest to Politics: Lessons from Greece, Spain, the UK, and the US -- Martin Hart-Landsberg -- 4 Disaster Capitalism: Haiti and the Refashioning of Transnational Apparel Networks -- Ransford F. Edwards Jr. -- 5 Immigrant Labor under Siege: Borders, Capital, and the Logic of Global Capitalism -- William I. Robinson and Xuan Santos -- 6 The Continuing Failure of the AFL-CIO Leadership -- Kim Scipes -- 7 Cheap Labor on the Farm: 1 Years of Minor League Player Exploitation -- G. Nelson Bass III and Ronald W. Cox -- 8 Epilogue -- G. Nelson Bass III -- Index. | |
| 520 | |a What role can and should the working class play under 21st century global capitalism? The scholars contained in this work approach questions regarding the place of labor in a variety of forms under neoliberal capitalism. These chapters examine labor as political and social movements, both in and out of power, in the UK and Greece (amongst others), as well as the ramifications of global capitalism for workers themselves places as disparate as Haiti and the United States. While critiquing what has failed, each offers a vision for what working class solidarity could accomplish, and more importantly how to get there. Contributors are: Ronald W. Cox, Ransford F. Edwards Jr., Jamie A. Gough, Martin Hart-Landsberg, William I. Robinson, Xuan Santos, and Kim Scipes. | ||
| 546 | |a English | ||
| 588 | |a Description based on print version record. | ||
| 650 | 0 | 0 | |a African Studies. |
| 650 | 0 | 0 | |a Economics & Political Science. |
| 700 | 1 | |a Bass III, G. Nelson, |e editor. | |
| 776 | 0 | 8 | |i Print version: |t Labor, Capitalism, and Class Power. |d Leiden ; Boston : BRILL,2026. |z 9789004757233 |w (OCoLC)1546070301 |
| 830 | 0 | |a Studies in Critical Social Sciences ; |v 356. | |
| 830 | 0 | |a Social Sciences E-Books Online, Collection 2026. | |
| 856 | 4 | |z DOI: |u http://dx.doi.org/10.1163/9789004757240 | |
| 999 | |c 61967 |d 61967 | ||
